000 00532nam a2200169 a 4500
005 20140412111306.0
008 010503s19uu xx 00 eng d
020 _a0-394-82705-8
050 _aTR(PS E
_bPo75 1973
100 _aAlexander, Martha
245 _aPoems and prayers for the very young /
_cselected and illustrated by Martha Alexander.
260 _aNew York :
_bRandom House,
_c1973.
300 _a1 v. (unp.) ; ill.
650 _aPeoms-Juvenile literature
650 _aPrayers-Juvenile literature
999 _c103699
_d103699